| 000 | 00546nam a22001337a 4500 | ||
|---|---|---|---|
| 008 | 150529b xxu||||| |||| 00| 0 eng d | ||
| 082 |
_a779.943 _bJ 151r |
||
| 100 |
_aJacob, John _92846 |
||
| 245 |
_aRecollecting a culture _bPhotography and the evolution of a socialist Aesthetic in East Germany _cJacob, John (curador) |
||
| 260 |
_aVerona, Italy _bScanColor Leipzig _c1998 |
||
| 300 |
_a103 p. _bill. _c21x27 cm |
||
| 650 |
_xFotografia-Alemania este-Historia-S.20 _xAlemania este-Historia-Trabajo pictorico _xFotografia _92847 |
||
| 700 |
_aJohn Jacob _92848 |
||
| 999 |
_c635 _d635 |
||